Miasta województwa Świętokrzyskiego według opisu - Statystyki

Ogólne statystyki
  • Ten quiz został rozwiązany 72 razy
  • Średni wynik to 5 z 9
Statystyki odpowiedzi
Opis Miasto % Poprawnych
Jedyne w Polsce miasto zaczynające się od litery "Ć" Ćmielów
95%
Miasto związane z "Ojcem Mateuszem" Sandomierz
93%
Jedyne miasto na prawach powiatu Kielce
90%
Miasto, które można skojarzyć z królem, który zastał Polskę drewnianą, a zostawił murowaną; najmniejsze miasto powiatowe województwa Kazimierza Wielka
68%
Herb przedstawia w błękitnym polu herbowym kowadło czarne na tle dwóch skrzyżowanych młotów o złotych trzonach i czarnych obuchach. Prawy obuch ma kształt trapezu, lewy – klinu. Starachowice
29%
Miasto znane jest głównie z podawania stanu wód w największych polskich rzekach Zawichost
29%
O prawa miejskie tej miejscowości wystarał się Hieronim Łaski Staszów
24%
Siedzibę tam ma Fabryka Kotłów Sefako Sędziszów
22%
W tym mieście urodził się arcybiskup Henryk Jagodziński Małogoszcz
8%
Nie znaleziono quizów pasujących do podanych kryteriów
Rozkład punktacji
Procent ludzi z każdym wynikiem
Percentyl według liczby udzielonych odpowiedzi
Twoja historia wyników
Nie rozwiązałeś tego quizu